Statistics for Call of Duty: Modern Warfare Maps

Click here to take the quiz!

General Stats

  • This quiz has been taken 633 times
  • The average score is 10 of 21

Answer Stats

Answer% Correct
Shipment
80%
Crash
71%
Bog
62%
Crossfire
57%
Wet Work
57%
Overgrown
56%
Vacant
55%
Backlot
52%
Bloc
49%
Ambush
48%
Pipeline
44%
Chinatown
41%
Strike
41%
Downpour
39%
Countdown
37%
Showdown
37%
Creek
33%
Broadcast
32%
Distric
30%
Killhouse
29%
Winter Crash
12%

Score Distribution

Percentile by Number Answered

Percent of People with Each Score

Your Score History

You have not taken this quiz